| 000 | 01221nam a2200253 i 4500 | ||
|---|---|---|---|
| 001 | 122847 | ||
| 003 | ES-MaACL | ||
| 005 | 20251003161504.0 | ||
| 007 | t| | ||
| 008 | 070214s1970 sp c |||| | spa d | ||
| 110 | 2 |
_aReal Academia de Medicina y Cirugía del Distrito de Granada. _96331 |
|
| 245 | 1 | 0 |
_aSesión inaugural del curso académico celebrada el día 25 de enero de 1970 _b: memoria de Secretaría / _cpor... Don Juan A. Pulgar Ruiz ; discurso de recepción del académico... Don Juan M. Ortiz Picón [tema: La obra histoneurológica del doctor Pío del Río-Hortega (1862-1945)] ; discurso de contestación del académico... Don Luis Rojas Ballesteros. |
| 246 | 3 | 4 | _aSesión inaugural 25 de enero de 1970 |
| 260 |
_aGranada : _bReal Academia de Medicina, _c[1970] |
||
| 300 |
_a73, [7] p. : _b1 retr. ; _c24 cm. |
||
| 594 | _aPrecede al tít.: Real Academia de Medicina del Distrito de Granada. | ||
| 599 | _aRetr. de Pío del Río-Hortega. | ||
| 600 | 1 | 4 |
_aRío Hortega, Pío del, _d1882-1945 _997326 |
| 700 | 1 |
_aPulgar Ruiz, Juan A. _994369 |
|
| 700 | 1 |
_aOrtiz Picón, Juan Manuel. _987637 |
|
| 700 | 1 |
_aRojas Ballesteros, Luis. _999063 |
|
| 852 |
_aES-MaACL _jC-41741 |
||
| 999 |
_c122847 _d122847 |
||